Statistics for Guess the Flags: Combined Edition

Click here to take the quiz!

General Stats

  • This quiz has been taken 91 times
  • The average score is 6 of 16

Answer Stats

Answer% Correct
Albania + Kosovo
84%
China + Nepal
59%
Ukraine + Denmark
55%
Dominican Republic + Dominica
51%
Austria + St Lucia
42%
Estonia + Equatorial Guinea
39%
Bulgaria + Moldova
38%
Laos + Egypt
38%
Costa Rica + Brunei
33%
France + Portugal
33%
Nigeria + Lesotho
30%
Gabon + Maldives
29%
Hungary + Togo
26%
Canada + St Vincent and the Grenadines
17%
Andorra + Iran
14%
Czech Republic + Germany
10%

Score Distribution

Percentile by Number Answered

Percent of People with Each Score

Your Score History

You have not taken this quiz